| 000 | 01069nam a22001937a 4500 | ||
|---|---|---|---|
| 999 |
_c61140 _d61140 |
||
| 005 | 20231222121257.0 | ||
| 008 | 231222s1989 ru ||||| |||| 00| 0 rus d | ||
| 020 | _a5520004986 | ||
| 041 | _arus | ||
| 080 | _a94(479.22)''03'' O-95 | ||
| 245 |
_aОчерки истории Грузии : В 8 т. : _bТ. 1, Грузия с древнейших времен до IV в. н.э. / _cРедакторы Г.А. Меликишвили, О.Д. Лордкипанидзе. |
||
| 264 |
_aТбилиси : _bМецниереба, _c1989. |
||
| 300 |
_a508 с.: _bил. ; _c22 см. |
||
| 653 | _aსაქართველოს უძველესი ისტორია | ||
| 700 |
_aМеликишвили, Г. А. _eრედაქტორი _920852 |
||
| 700 |
_aЛордкипанидзе, О. Д. _eრედაქტორი _920410 |
||
| 710 |
_aАкадемия Наук Грузинской ССР. _dИнститут истории, археологии и этнографии им. И.А. Джавахишвили _920853 |
||
| 942 |
_2udc _cᲬᲘᲒᲜᲘ |
||